000 005850000a22001810004500
003 MACL
005 20160209165340.0
008 160209b xxu||||| |||| 00| 0 eng d
040 _aMACL
_cMACL
041 _aHindi
082 _a294
100 _aत्रिपाठी पण्डित सूर्यकान्‍त
_937517
245 _aश्रीरामकृष्‍णवचनामृत
260 _bश्रीरामकृष्‍ण आश्रम
_c1952
_aनागपूर
350 _a7
650 _aReligion
_937518
942 _cHIN
_k294.5
_2ddc
999 _c25699
_d25699